|
|
|
|
| LEADER |
01084nam a22002537a 4500 |
| 003 |
GR-PaULI |
| 005 |
20230510101110.0 |
| 007 |
ta |
| 008 |
230510s2007 -useo||f |||| 001 0 eng d |
| 952 |
|
|
|0 0
|1 0
|2 nlm
|4 0
|6 WN_265_BER
|7 0
|9 371518
|a MEDI
|b MEDI
|d 2023-05-10
|i 7780
|l 0
|o WN 26.5 BER
|p 025000176938
|r 2023-05-10 00:00:00
|t 1
|w 2023-05-10
|y BK15
|
| 999 |
|
|
|c 216707
|d 216707
|
| 020 |
|
|
|a 9780367452841
|
| 040 |
|
|
|a GR-PaULI
|b gre
|c GR-PaULI
|e AACR2
|
| 060 |
|
|
|a WN 26.5
|
| 100 |
1 |
|
|9 197873
|a Berry, Elizabeth,
|d 1961-
|e συγγραφέας
|
| 245 |
1 |
2 |
|a A practical approach to medical image processing /
|c Elizabeth Berry.
|
| 260 |
|
|
|a Boca Raton :
|b CRC Press,
|c 2007.
|
| 300 |
|
|
|a xvi, 288 σ. :
|b φωτ., σχήμ. ;
|c 24 εκ.
|
| 490 |
1 |
|
|a Series in medical physics and biomedical engineering
|
| 504 |
|
|
|6 Περιλαμβάνει βιβλιογραφία και ευρετήριο.
|
| 650 |
|
4 |
|9 128058
|a Διαγνωστική απεικόνιση
|x Μέθοδοι
|
| 830 |
|
0 |
|9 197876
|a Series in medical physics and biomedical engineering
|
| 942 |
|
|
|2 nlm
|c BK15
|
| 998 |
|
|
|c ΜΑΝΙΑΚΗ
|d 2023
|